000 01095nam a22003257a 4500
001 13059754
003 OSt
005 20210420080934.0
008 030116s2003 mauc b 001 0deng
010 _a 2003041480
020 _a0674011392 (alk. paper)
040 _aeng
_cDLC
_deng
_beng
041 _aeng
043 _an-us---
050 0 0 _aPS1638
_b.B84 2003
080 _a92
_bB-92
082 0 0 _a814/.3
_221
100 1 _aBuell, Lawrence.
245 1 0 _aEmerson /
_cLawrence Buell.
260 _aCambridge, Mass. :
_bBelknap Press of Harvard University Press,
_c2003.
300 _axii, 397 p. :
_bport. ;
_c21 cm.
504 _aIncludes bibliographical references and index.
600 1 0 _aEmerson, Ralph Waldo,
_d1803-1882
_xCriticism and interpretation.
650 0 _9237
_aBiography
651 0 _aUnited States
_xIntellectual life
_y19th century.
653 _aბიოგრაფია
906 _a7
_bcbc
_corignew
_d1
_eocip
_f20
_gy-gencatlg
942 _2udc
_cBK
999 _c574
_d574